LIBRARY & INFORMATION CENTRE, KCAET, TAVANUR

ONLINE PUBLIC ACCESS CATALOGUE (OPAC)

Coffee vol-1:chemistry / (Record no. 10502)

MARC details
000 -LEADER
fixed length control field 00498cam a2200193ua 4500
020 ## - INTERNATIONAL STANDARD BOOK NUMBER
ISBN 0 85334 368 3
041 ## - LANGUAGE CODE
Language code of text/sound track or separate title eng
082 ## - DEWEY DECIMAL CLASSIFICATION NUMBER
Classification number 633.73
Item number CLA/CO
100 ## - MAIN ENTRY--AUTHOR NAME
Personal name Clarke, R J .
245 ## - TITLE STATEMENT
Title Coffee vol-1:chemistry /
260 ## - PUBLICATION, DISTRIBUTION, ETC. (IMPRINT)
Place of publication London :
Name of publisher Elsevier applied sciences ,
Year of publication 1989.
300 ## - PHYSICAL DESCRIPTION
Number of Pages 306 ; .
500 ## - GENERAL NOTE
General note ** Reference
700 1# - ADDED ENTRY--PERSONAL NAME
Personal name Macrae, R .
942 ## - ADDED ENTRY ELEMENTS (KOHA)
Koha item type Books
Holdings
Withdrawn status Lost status Damaged status Home library Current library Date acquired Full call number Accession Number Koha item type
      KAUAET KAUAET 07/04/2012 633.73 19646 Reference
free website counter